000 00615nam a2200241 a 4500
003 AR-BaBNM
005 20251128203127.0
008 082120s2002 ||||||||||||||000 | spa||
020 _a950-625-012-X
040 _cAR-BaBNM
100 1 _aRodríguez Martín, Graciela
245 0 0 _aA quién preguntar
260 _aBuenos Aires
_bEdiciones La Campana
_c1984
300 _a102 p.
650 4 _aLITERATURA ARGENTINA
650 4 _aCUENTOS
650 4 _aLITERATURA CONTEMPORANEA
653 _aNARRATIVA
655 _aLITERATURA
700 1 _aPolemann, Orfilia
_eprologuista
942 _cBK
998 _cMARTIN
999 _c2028
_d2028